000
00277nam a2200121Ia 4500
100
_a
Savla/Asha
650
_a
General
942
_c
BK
654
_a
Bridal Mehendi Creations
245
_a
Bridal Mehendi Creations
260
_b
Aashiya Publications
_a
Mumbai
546
_a
ENGLISH
999
_c
30395
_d
30395